000 00786nam a22002417a 4500
003 UA-OsUOA
001 75781
007 ta
008 20110531b un ||||| |||| 00| 0 ukr d
090 _a821.161.2
_bА28
942 _cBK
040 _aUA-OsUOA
_bukr
_cUA-OsUOA
_dUA-OsUOA
245 _aАдаптації українських повістей та романів ХХ сторіччя
_bз архівів Неперевершеної Марго: у 3 ч.
_cуклад. О.Перекотипекло
300 _a224 с.
955 _a2
041 _aukr
080 _a821.161.2
020 _a978-966-487-018-1
260 _aК.
_bАвтограф
_c2007
246 3 1 _a2
_n
650 7 _a82 Література. Літературознавство
_2UDC
999 _c362078
_d362078